Высокомоментные синхронные двигатели: теория, расчет, управление: межвузовский сборник научных трудов

Xehetasun bibliografikoak
Erakunde egilea: Новосибирский электротехнический институт
Beste egile batzuk: Жуловян В. В. (редактор)
Hizkuntza:errusiera
Argitaratua: Новосибирск, НЭТИ, 1989
Gaiak:
Formatua: MixedMaterials Liburua
KOHA link:https://koha.lib.tpu.ru/cgi-bin/koha/opac-detail.pl?biblionumber=167622

MARC

LEADER 00000nam0a2200000 4500
001 167622
005 20231031162840.0
020 |a RU  |b 89-80632 
035 |a (RuTPU)RU\TPU\book\181847 
090 |a 167622 
100 |a 20091016d1989 k a0rusy5003 ca 
101 0 |a rus 
102 |a RU 
105 |a a z 001zy 
200 1 |a Высокомоментные синхронные двигатели: теория, расчет, управление  |e межвузовский сборник научных трудов  |f Новосибирский электротехнический институт ; под ред. В. В. Жуловяна 
210 |a Новосибирск  |c НЭТИ  |d 1989 
215 |a 141,5 с.  |c ил.  |d 20 см 
320 |a Библиогр. в конце ст. 
610 0 |a электродвигатели 
610 0 |a синхронные двигатели 
610 0 |a теория 
610 0 |a расчет 
610 0 |a управление 
610 0 |a электроприводы 
675 |a 621.313.323  |z rus 
702 1 |a Жуловян  |b В. В.  |4 340 
712 0 2 |a Новосибирский электротехнический институт 
801 0 |a RU  |b RuMRKP  |c 19950417  |g psbo 
801 1 |a RU  |b 63413507  |c 20091016 
801 2 |a RU  |b 63413507  |c 20140320  |g RCR 
942 |c BK